00526 2200193 4500001002100000005001700021008004100038035002600079245002200105100002200127250001200149260004300161300002400204020002200228082000800250084001100258650004600269990001700315INLIS00000000000057520191229194256.0191229| ||| | ind  a 0010-12190000000057500cAhmad Jadul Mawla0 aAhmad Jadul Mawla aPertama aJakarta : ZamanbJakarta : Zamanc2009 a685 hlm ;c685 hlm, a978-979-024-146-60 a200 a2X3.46 0aBuku Induk Kisah - kisah Al Qur'an 2x3.46 aB20150406921